Travels in Persia (Record no. 2213)

MARC details
000 -LEADER
fixed length control field 00537nam a2200229 a 4500
020 ## - INTERNATIONAL STANDARD BOOK NUMBER
ISBN
082 00 - DEWEY DECIMAL CLASSIFICATION NUMBER
Classification number 915.504
Author Cutter CHA
100 ## - MAIN ENTRY--AUTHOR NAME
Author name Chardin, John
245 ## - TITLE STATEMENT
Title Travels in Persia
260 ## - PUBLICATION, DISTRIBUTION, ETC. (IMPRINT)
Place of publication London
Name of publisher Argonaut Press
Year of publication 1927
300 ## - PHYSICAL DESCRIPTION
Number of Pages 287p
500 ## - GENERAL NOTE
General note includes index and biblioraphy
505 2# - FORMATTED CONTENTS NOTE
Formatted contents note Ill
650 ## - SUBJECT ADDED ENTRY--TOPICAL TERM
Topical Term Iran-Travel and Description
942 ## - ADDED ENTRY ELEMENTS (KOHA)
Koha item type Books
Holdings
Home library Current library Date acquired Cost, normal purchase price Full call number Accession Number Koha item type
Henry Martyn Institute Library Henry Martyn Institute Library 06/05/2007 100.00 915.504 CHA 477 Archive Book
                   Copyright © 2026 | Henry Martyn Institute | Hyderabad | TS-500052 | INDIA | Implemented by hmi.edu.in
Hit-Count:

Powered by Koha